[Event "DRUGA LIGA CENTRALNE SRBIJE - Zapad"]
[Site "Vrnjacka banja"]
[Date "2013.??.??"]
[Round "5.2"]
[White "Adzic, Momcilo"]
[Black "Stefanovic, Boban"]
[Result "1/2-1/2"]
[WhiteElo "2258"]
[BlackElo "2139"]
[PlyCount "21"]
[EventDate "2013.10.10"]

1. e4 c5 2. Nf3 d6 3. d4 cxd4 4. Nxd4 Nf6 5. Nc3 g6 6. f3 Bg7 7. Be3 O-O 8. Bc4
Nc6 9. Bb3 Bd7 10. Qd2 Rc8 11. Nxc6 1/2-1/2

[Event "DRUGA LIGA CENTRALNE SRBIJE - Zapad"]
[Site "Vrnjacka banja"]
[Date "2013.??.??"]
[Round "5.3"]
[White "Marcetic, Predrag"]
[Black "Misailovic, Nebojsa"]
[Result "1/2-1/2"]
[WhiteElo "2284"]
[BlackElo "2306"]
[PlyCount "132"]
[EventDate "2013.10.10"]

1. e4 c5 2. Nf3 d6 3. c3 Nf6 4. Be2 b6 5. O-O Bb7 6. d3 g6 7. Re1 Bg7 8. a4 O-O
9. Na3 Nc6 10. Bf1 e5 11. Nc4 Re8 12. g3 d5 13. exd5 Nxd5 14. Bg2 Qd7 15. Qb3
Rad8 16. Bg5 f6 17. Bd2 Kh8 18. Rad1 Nc7 19. Bc1 Ne6 20. a5 bxa5 21. Qb5 Qc7
22. Be3 Rb8 23. Ra1 Ncd4 24. cxd4 Bxf3 25. Qxa5 Bxg2 26. Qxc7 Nxc7 27. Kxg2
cxd4 28. Bd2 a6 29. Rec1 Re7 30. b4 f5 31. f3 h6 32. Nd6 Kh7 33. Rc6 Bf8 34.
Nc4 Rb5 35. Ra5 Bg7 36. Ra2 Rd7 37. h4 Bf8 38. Ra4 Rf7 39. Ra5 Rxa5 40. bxa5
Bg7 41. Bb4 Nd5 42. Bd2 Ra7 43. Re6 Rb7 44. Kf2 Nc3 45. Rb6 Rd7 46. Rxa6 e4 47.
fxe4 fxe4 48. dxe4 Nxe4+ 49. Kf3 Nc5 50. Rc6 Rf7+ 51. Bf4 Bf8 52. Ne5 Rg7 53.
Rc8 Ne6 54. Re8 Nxf4 55. gxf4 Bd6 56. Ke4 Ra7 57. Nxg6 Kxg6 58. Re6+ Kh5 59.
Rxd6 Rxa5 60. Kxd4 Kxh4 61. Rxh6+ Kg4 62. Rf6 Ra4+ 63. Ke5 Ra5+ 64. Ke6 Ra6+
65. Kf7 Rxf6+ 66. Kxf6 Kxf4 1/2-1/2

[Event "DRUGA LIGA CENTRALNE SRBIJE - Zapad"]
[Site "Vrnjacka banja"]
[Date "2013.??.??"]
[Round "5.3"]
[White "Pavlovic, Dejan S"]
[Black "Milosevic, Zoran"]
[Result "1-0"]
[WhiteElo "2398"]
[BlackElo "2243"]
[PlyCount "111"]
[EventDate "2013.10.10"]

1. e4 c5 2. Nf3 e6 3. d4 cxd4 4. Nxd4 Nf6 5. Nc3 d6 6. Be3 a6 7. f3 b5 8. Qd2
Bb7 9. g4 Nc6 10. O-O-O Rc8 11. Kb1 Qc7 12. Bd3 Ne5 13. g5 Nfd7 14. Qg2 g6 15.
h4 Nc4 16. Bxc4 Qxc4 17. Nb3 Qc7 18. Bd4 e5 19. Be3 Nb6 20. Bxb6 Qxb6 21. Nd5
Bxd5 22. Rxd5 h5 23. Rhd1 Rd8 24. Nd2 Be7 25. Nf1 O-O 26. R5d3 Qb8 27. Ne3 Rd7
28. Nd5 Bd8 29. Qd2 Re8 30. a3 Re6 31. Qc3 Qb7 32. Qb3 Kg7 33. Qc3 Kg8 34. Qb4
a5 35. Qd2 Qc6 36. Rc3 Qb7 37. Qe2 a4 38. Rcd3 Qc6 39. Qe3 Kg7 40. Nb4 Qb6 41.
Qe2 Rb7 42. Rc3 Be7 43. Rc6 Qa7 44. Ra6 Qc5 45. Rc6 Qa7 46. Nd5 Bf8 47. Qd2 Re8
48. Qe2 Qa5 49. Qe3 Ra8 50. f4 Qd8 51. Qc3 Qe8 52. Nc7 Rxc7 53. Rxc7 Kg8 54.
fxe5 Bg7 55. Rf1 Bxe5 56. Qf3 1-0

[Event "DRUGA LIGA CENTRALNE SRBIJE - Zapad"]
[Site "Vrnjacka banja"]
[Date "2013.??.??"]
[Round "5.3"]
[White "Vasic, Vladimir"]
[Black "Ratkovic, Milovan**"]
[Result "0-1"]
[WhiteElo "2170"]
[BlackElo "2294"]
[PlyCount "88"]
[EventDate "2013.10.10"]

1. e4 c5 2. Nf3 d6 3. d4 Nf6 4. Nc3 cxd4 5. Nxd4 Nc6 6. Be2 e5 7. Nb3 Be7 8.
Be3 O-O 9. Qd2 Be6 10. Rd1 a5 11. O-O a4 12. Nc1 Ra5 13. h3 a3 14. b3 d5 15.
exd5 Nxd5 16. Nxd5 Rxd5 17. Qe1 e4 18. Rxd5 Bxd5 19. Qd2 Be6 20. Rd1 Qc8 21.
Bb6 Nb4 22. c4 Qc6 23. Bd4 Rd8 24. Qc3 f6 25. c5 Nd5 26. Qa5 Nf4 27. Bb5 Qd5
28. Ne2 Qh5 29. Rd2 Nxe2+ 30. Bxe2 Qg6 31. Qc3 f5 32. Bc4 Bxc4 33. Qxc4+ Qf7
34. Qb4 f4 35. Qxb7 e3 36. fxe3 fxe3 37. Rc2 Rxd4 38. Qa8+ Rd8 39. Qxa3 Rd1+
40. Kh2 Qf4+ 41. g3 Qe4 42. Rg2 Rd2 43. Rxd2 exd2 44. Qa6 d1=Q 0-1

[Event "DRUGA LIGA CENTRALNE SRBIJE - Zapad"]
[Site "Vrnjacka banja"]
[Date "2013.??.??"]
[Round "5.3"]
[White "Civric, Zdravko"]
[Black "Djokovic, Nebojsa"]
[Result "1-0"]
[WhiteElo "2181"]
[BlackElo "2129"]
[PlyCount "67"]
[EventDate "2013.10.10"]

1. d4 d5 2. Bf4 e6 3. e3 Bd6 4. Bg3 h5 5. Nf3 h4 6. Bxd6 Qxd6 7. Nbd2 Nf6 8.
Ne5 Nbd7 9. f4 c5 10. c3 cxd4 11. exd4 Qb6 12. Rb1 Nf8 13. Bd3 N6d7 14. Qg4
Nxe5 15. fxe5 g6 16. O-O Bd7 17. Nf3 O-O-O 18. Qf4 Be8 19. Rf2 Nd7 20. Nxh4 Qa5
21. a3 Nb6 22. Nf3 Bb5 23. Bxb5 Qxb5 24. Qxf7 Nc4 25. Qxe6+ Kb8 26. Qxg6 Ne3
27. Qg5 Qd3 28. Re1 Nc4 29. e6 Rhg8 30. e7 Rde8 31. Qxd5 a6 32. Ne5 Nxe5 33.
Qxe5+ Ka8 34. d5 1-0

[Event "DRUGA LIGA CENTRALNE SRBIJE - Zapad"]
[Site "Vrnjacka banja"]
[Date "2013.??.??"]
[Round "5.3"]
[White "Zivanic, Slobodan"]
[Black "Jelisavcic, Srdjan"]
[Result "1-0"]
[WhiteElo "2214"]
[BlackElo "2095"]
[PlyCount "81"]
[EventDate "2013.10.10"]

1. e4 e5 2. Nf3 Nc6 3. Bb5 a6 4. Ba4 Nf6 5. d3 b5 6. Bb3 Be7 7. O-O O-O 8. c3
d5 9. Re1 Bg4 10. Nbd2 d4 11. h3 Bh5 12. Nf1 b4 13. cxb4 Bxb4 14. Bd2 Qd6 15.
Bxb4 Nxb4 16. Ng3 Bg6 17. Nh4 a5 18. Bc4 a4 19. a3 Nc6 20. Bb5 Rfb8 21. Nhf5
Bxf5 22. Nxf5 Rxb5 23. Nxd6 cxd6 24. Qc2 Rc5 25. Qd1 h6 26. b4 axb3 27. Qxb3
Rc3 28. Qb7 Rb8 29. Qa6 Nd7 30. Reb1 Rd8 31. Rc1 Ndb8 32. Qb5 Rc8 33. Qb7 Rd8
34. Qc7 Na6 35. Qb6 Nab8 36. Rxc3 dxc3 37. Rc1 Rf8 38. Rxc3 Nd4 39. Kh2 f5 40.
Qxd6 fxe4 41. dxe4 1-0

[Event "DRUGA LIGA CENTRALNE SRBIJE - Zapad"]
[Site "Vrnjacka banja"]
[Date "2013.??.??"]
[Round "5.3"]
[White "Mijanovic, Dragan"]
[Black "Rajkovic, Mladen**"]
[Result "0-1"]
[WhiteElo "2086"]
[BlackElo "2053"]
[PlyCount "100"]
[EventDate "2013.10.10"]

1. d4 d5 2. Nf3 Nf6 3. e3 c6 4. b3 Bg4 5. Be2 e6 6. Nbd2 Nbd7 7. Bb2 Bd6 8. O-O
O-O 9. c4 Rc8 10. c5 Bb8 11. b4 Re8 12. Ne5 Bxe2 13. Qxe2 Nxe5 14. dxe5 Nd7 15.
f4 b6 16. Bd4 f6 17. Nf3 fxe5 18. fxe5 bxc5 19. bxc5 Qa5 20. Qc2 g6 21. Rab1
Bc7 22. h4 Bd8 23. h5 Kg7 24. Nh2 Qc7 25. Ng4 Bg5 26. Qd3 Rb8 27. Nh2 Be7 28.
hxg6 hxg6 29. Rxb8 Rxb8 30. Rf4 Qb7 31. Qa3 Rf8 32. g3 a6 33. Qa5 Bd8 34. Qa3
Qb5 35. Nf3 Be7 36. Rxf8 Kxf8 37. Nh4 Kg7 38. Qc1 Nxc5 39. Ng2 Nd3 40. Qd1 c5
41. Bc3 Qc4 42. Qd2 Bg5 43. Nf4 Bxf4 44. gxf4 Qe4 45. Kf1 d4 46. exd4 cxd4 47.
Ba1 Qf3+ 48. Kg1 Nxf4 49. Bxd4 Ne2+ 50. Kh2 Qg3+ 0-1

[Event "DRUGA LIGA CENTRALNE SRBIJE - Zapad"]
[Site "Vrnjacka banja"]
[Date "2013.??.??"]
[Round "5.3"]
[White "Knezevic, Veljko**"]
[Black "Stevanovic, Velimir*"]
[Result "1/2-1/2"]
[WhiteElo "1873"]
[BlackElo "1929"]
[PlyCount "161"]
[EventDate "2013.10.10"]

1. e4 Nf6 2. Nc3 d5 3. exd5 Nxd5 4. Bc4 Nxc3 5. Qf3 e6 6. dxc3 Be7 7. Bd2 Nc6
8. Bb5 Bd7 9. O-O-O Bg5 10. Nh3 Bxd2+ 11. Rxd2 Qe7 12. Rhd1 O-O-O 13. Qe3 Kb8
14. Nf4 Rhe8 15. h4 a6 16. Ba4 b5 17. Bb3 Na5 18. Nd3 Bc6 19. Nc5 Bb7 20. Rd7
Rxd7 21. Rxd7 Qxh4 22. Bd5 Rd8 23. Rxd8+ Qxd8 24. Bxb7 Nxb7 25. Nxa6+ Kc8 26.
Qa7 Nd6 27. f4 g5 28. Nc5 c6 29. Qa8+ Kc7 30. Na6+ Kd7 31. Nb8+ Kc7 32. Qa7+
Kc8 33. Nxc6 Qc7 34. Qa8+ Kd7 35. Ne5+ Ke7 36. fxg5 Nf5 37. Qe4 Ng3 38. Qe3 Nf5
39. Qf4 Qc5 40. Qb4 Qxb4 41. cxb4 Ne3 42. g4 f6 43. Nc6+ Kf7 44. gxf6 Nxg4 45.
c4 h5 46. cxb5 h4 47. Nd4 h3 48. Nf3 e5 49. b6 Nxf6 50. Nxe5+ Ke6 51. Nf3 Kd6
52. a4 Kc6 53. a5 Kb5 54. Kd2 Ka6 55. Kc3 Ng4 56. Kd4 h2 57. Nxh2 Nxh2 58. Kc5
Nf3 59. Kc6 Nd4+ 60. Kc7 Nb5+ 61. Kd7 Kb7 62. Ke6 Kc6 63. Ke5 Nd6 64. Kd4 Nb5+
65. Kd3 Nd6 66. Kc3 Kb5 67. Kd4 Kc6 68. b3 Nb5+ 69. Ke5 Nd6 70. Ke6 Nb5 71. Ke7
Nd6 72. Kd8 Kb7 73. Kd7 Nc8 74. a6+ Kxb6 75. b5 Na7 76. Kd8 Nxb5 77. a7 Nxa7
78. Ke7 Kb5 79. Kd8 Kb4 80. Ke7 Nb5 81. Kd7 1/2-1/2

[Event "DRUGA LIGA CENTRALNE SRBIJE - Zapad"]
[Site "Vrnjacka banja"]
[Date "2013.??.??"]
[Round "5.4"]
[White "Popovic, Nenad"]
[Black "Czebe, Attila"]
[Result "0-1"]
[WhiteElo "2269"]
[BlackElo "2456"]
[PlyCount "111"]
[EventDate "2013.10.10"]

1. c4 e5 2. Nc3 Bb4 3. e4 Ne7 4. g3 O-O 5. Bg2 d6 6. Nge2 Nbc6 7. O-O a6 8. d3
Bc5 9. Be3 Nd4 10. Kh1 Nec6 11. Qd2 Be6 12. f4 f6 13. f5 Bf7 14. g4 b5 15. b3
Rb8 16. Ng3 Bb4 17. h4 Na5 18. Rab1 c6 19. g5 d5 20. gxf6 gxf6 21. exd5 cxd5
22. Bh6 dxc4 23. bxc4 bxc4 24. Bxf8 Qxf8 25. Nge4 Kh8 26. Nxf6 cxd3 27. Rf2 Nc4
28. Qxd3 Bxc3 29. Rxb8 Qxb8 30. Qxc3 Qd8 31. Ne4 Qxh4+ 32. Qh3 Qxh3+ 33. Bxh3
Bd5 34. Bg2 Ne3 35. f6 Kg8 36. Kg1 Nxg2 37. Rxg2+ Kf8 38. Rg7 Bxe4 39. Kf2 Bg6
40. Re7 e4 41. Ra7 Nc2 42. Re7 e3+ 43. Ke2 Nd4+ 44. Ke1 Bh5 45. Rc7 Bg4 46. a4
h5 47. Kf1 h4 48. Kg2 e2 49. Kf2 h3 50. Rc1 h2 51. Rh1 Nc2 52. Kg3 e1=Q+ 53.
Rxe1 Nxe1 54. Kxh2 Nd3 55. Kg3 Bd1 56. a5 0-1

[Event "DRUGA LIGA CENTRALNE SRBIJE - Zapad"]
[Site "Vrnjacka banja"]
[Date "2013.??.??"]
[Round "5.4"]
[White "Bojovic, Dusan*"]
[Black "Lukic, Predrag"]
[Result "1-0"]
[WhiteElo "2309"]
[BlackElo "2238"]
[PlyCount "70"]
[EventDate "2013.10.10"]

1. e4 e5 2. Nf3 Nc6 3. d4 exd4 4. Nxd4 Nf6 5. Nxc6 bxc6 6. e5 Qe7 7. Qe2 Nd5 8.
c4 Nb6 9. g3 Qe6 10. b3 Bb4+ 11. Bd2 Bxd2+ 12. Nxd2 O-O 13. Bg2 f6 14. O-O Bb7
15. Rae1 Rae8 16. f4 fxe5 17. fxe5 Rxf1+ 18. Qxf1 Rf8 19. Qe2 a5 20. Nf3 Qe7
21. Nd4 Qc5 22. Qe3 Bc8 23. e6 dxe6 24. Nxc6 Qa3 25. c5 Nd5 26. Bxd5 exd5 27.
Ne7+ Kh8 28. Nxc8 a4 29. Ne7 axb3 30. axb3 d4 31. Qxd4 Qxb3 32. Nf5 Qg8 33. g4
h5 34. h3 Rf7 35. Nh6 Rf3 1-0

[Event "DRUGA LIGA CENTRALNE SRBIJE - Zapad"]
[Site "Vrnjacka banja"]
[Date "2013.??.??"]
[Round "5.4"]
[White "Tomic, Miroslav Lj"]
[Black "Toth, Aleksandar*"]
[Result "1/2-1/2"]
[WhiteElo "2172"]
[BlackElo "2309"]
[PlyCount "73"]
[EventDate "2013.10.10"]

1. d4 d6 2. Nf3 Bg4 3. e3 Nd7 4. h3 Bh5 5. Be2 Ngf6 6. O-O e5 7. c4 Be7 8. b3
c6 9. Nh4 Bxe2 10. Qxe2 g6 11. Ba3 O-O 12. Nf3 Re8 13. dxe5 dxe5 14. Rd1 Bxa3
15. Nxa3 Qe7 16. Nc2 a5 17. a3 Ne4 18. Qe1 Nb6 19. a4 Nd7 20. Nd2 Nec5 21. e4
Nf8 22. Rab1 Red8 23. Nf3 f6 24. Rxd8 Qxd8 25. Rd1 Qc7 26. Qe3 Nfe6 27. h4 Rd8
28. Rxd8+ Qxd8 29. Nd2 Kg7 30. Kf1 Qd6 31. g3 h5 32. Qc3 Nd4 33. Nxd4 Qxd4 34.
Qxd4 exd4 35. Ke2 Kf7 36. f4 Ke7 37. Kf3 1/2-1/2

[Event "DRUGA LIGA CENTRALNE SRBIJE - Zapad"]
[Site "Vrnjacka banja"]
[Date "2013.??.??"]
[Round "5.4"]
[White "Djordjev, Bojan*"]
[Black "Vujovic, Radojica"]
[Result "1/2-1/2"]
[WhiteElo "2141"]
[BlackElo "2083"]
[PlyCount "131"]
[EventDate "2013.10.10"]

1. Nf3 Nf6 2. g3 Nc6 3. d4 d5 4. Bg2 e6 5. O-O Bd6 6. b3 O-O 7. c4 Re8 8. Bb2
Bf8 9. Ne5 Ne7 10. Nd2 b6 11. cxd5 exd5 12. Rc1 Bf5 13. Ba3 Ng6 14. Bxf8 Kxf8
15. Ndf3 Qe7 16. Rc6 Rac8 17. Re1 Qd8 18. Nxg6+ hxg6 19. Ne5 Bd7 20. Nxd7+ Qxd7
21. Qc1 g5 22. Qc2 Re6 23. Rc1 Rxc6 24. Qxc6 Qxc6 25. Rxc6 Ke7 26. b4 a6 27. e3
Kd8 28. Kf1 Rb8 29. f3 Kd7 30. Rc3 Re8 31. h3 Kd6 32. Kf2 c6 33. Ra3 Ra8 34. e4
Ne8 35. e5+ Kd7 36. f4 gxf4 37. gxf4 Nc7 38. Bf1 g6 39. Be2 Ne6 40. Ke3 Nc7 41.
Bg4+ Ne6 42. f5 gxf5 43. Bxf5 Kc7 44. Bxe6 fxe6 45. Kf4 c5 46. bxc5 bxc5 47.
dxc5 Kc6 48. Kg5 d4 49. Kf6 Kd5 50. c6 Rc8 51. Rxa6 Rxc6 52. Ra8 Ke4 53. Rd8
Rc5 54. Kxe6 Rxe5+ 55. Kf6 Rb5 56. Kg6 Rd5 57. Re8+ Re5 58. Rd8 d3 59. h4 Rd5
60. Re8+ Kf3 61. Re1 d2 62. Rd1 Ke2 63. Rxd2+ Kxd2 64. h5 Ke3 65. h6 Rd6+ 66.
Kg7 1/2-1/2

[Event "DRUGA LIGA CENTRALNE SRBIJE - Zapad"]
[Site "Vrnjacka banja"]
[Date "2013.??.??"]
[Round "5.4"]
[White "Bojovic, Zoran"]
[Black "Lazic, Miodrag"]
[Result "0-1"]
[WhiteElo "2106"]
[BlackElo "2003"]
[PlyCount "60"]
[EventDate "2013.10.10"]

1. e4 c5 2. Nf3 Nc6 3. d4 cxd4 4. Nxd4 Nf6 5. Nc3 g6 6. Be3 Bg7 7. Bc4 d6 8. f3
O-O 9. Qd2 Bd7 10. O-O-O Rc8 11. Bb3 Ne5 12. Kb1 Nc4 13. Bxc4 Rxc4 14. g4 b5
15. h4 b4 16. Nce2 Qa5 17. Nb3 Qb5 18. Ned4 Qa6 19. Bh6 Rfc8 20. Bxg7 Kxg7 21.
h5 e5 22. hxg6 fxg6 23. Nf5+ Bxf5 24. exf5 Rxc2 25. Qh6+ Kf7 26. fxg6+ hxg6 27.
Rhe1 Re2 28. Rxe2 Qxe2 29. Rxd6 Qxf3 30. Qg5 Qe4+ 0-1

[Event "DRUGA LIGA CENTRALNE SRBIJE - Zapad"]
[Site "Vrnjacka banja"]
[Date "2013.??.??"]
[Round "5.4"]
[White "Radenkovic, Aleksa**"]
[Black "Bojicic, Andjela**"]
[Result "1/2-1/2"]
[WhiteElo "1934"]
[BlackElo "1769"]
[PlyCount "92"]
[EventDate "2013.10.10"]

1. e4 c5 2. Nf3 d6 3. d4 cxd4 4. Nxd4 Nf6 5. Nc3 g6 6. Bc4 Bg7 7. f3 O-O 8. Be3
Nc6 9. Bb3 Nxd4 10. Bxd4 Qa5 11. Qd2 Be6 12. Bxe6 fxe6 13. O-O-O Rac8 14. Kb1
Qc7 15. h4 a6 16. g4 b5 17. h5 b4 18. Ne2 e5 19. Be3 a5 20. Rc1 Qb7 21. Bh6 Rf7
22. hxg6 hxg6 23. Qg5 Bxh6 24. Rxh6 Rg7 25. Rxg6 Ne8 26. Qf5 Rxg6 27. Qxg6+ Ng7
28. Ng3 e6 29. Nh5 Qf7 30. Qxg7+ Qxg7 31. Nxg7 Kxg7 32. Rh1 Rf8 33. Rh3 Kg6 34.
Kc1 Kg5 35. Kd2 Kf4 36. Kd3 d5 37. exd5 exd5 38. Rh5 e4+ 39. fxe4 dxe4+ 40. Ke2
Rc8 41. Kd1 Rd8+ 42. Ke1 Rc8 43. Rh2 Kxg4 44. Kd2 Kf3 45. Rh3+ Kf2 46. Rh2+ Kf3
1/2-1/2

[Event "DRUGA LIGA CENTRALNE SRBIJE - Zapad"]
[Site "Vrnjacka banja"]
[Date "2013.??.??"]
[Round "5.5"]
[White "Milosevic, Boban"]
[Black "Vujic, Mihailo"]
[Result "1/2-1/2"]
[WhiteElo "2273"]
[BlackElo "2340"]
[PlyCount "88"]
[EventDate "2013.10.10"]

1. e4 e5 2. Nf3 Nc6 3. Bb5 f5 4. d3 fxe4 5. dxe4 Nf6 6. Qe2 Bc5 7. h3 d6 8. Nc3
O-O 9. Be3 Bxe3 10. Qxe3 Nh5 11. O-O-O Nf4 12. Rh2 Qf6 13. Bc4+ Kh8 14. Nd5
Nxd5 15. Bxd5 Ne7 16. Bb3 Ng6 17. Ng5 h6 18. Nf3 Nf4 19. Nd2 a5 20. h4 a4 21.
Bc4 Ne6 22. f3 Nc5 23. g4 Qf4 24. Qxf4 Rxf4 25. Be2 Bd7 26. Nf1 Ne6 27. c3 Rff8
28. Rd2 Nf4 29. Bd1 a3 30. b3 Be6 31. Ne3 Rf7 32. h5 Kh7 33. Kc2 g6 34. hxg6+
Kxg6 35. c4 Rh7 36. Kc3 h5 37. gxh5+ Rxh5 38. Rxh5 Nxh5 39. Rg2+ Kf6 40. Rh2
Kg5 41. b4 Kg6 42. Rg2+ Kf6 43. Rh2 Kg6 44. Rg2+ Kf6 1/2-1/2

[Event "DRUGA LIGA CENTRALNE SRBIJE - Zapad"]
[Site "Vrnjacka banja"]
[Date "2013.??.??"]
[Round "5.5"]
[White "Tojagic, Dane"]
[Black "Avramovic, Zoran"]
[Result "0-1"]
[WhiteElo "2274"]
[BlackElo "2330"]
[PlyCount "100"]
[EventDate "2013.10.10"]

1. d4 d5 2. c4 e6 3. Nc3 f5 4. Nf3 c6 5. Bf4 Nf6 6. e3 Bd6 7. Bxd6 Qxd6 8. Bd3
O-O 9. O-O Ne4 10. Qb3 Kh8 11. Bxe4 fxe4 12. c5 Qc7 13. Ne5 Nd7 14. f4 b6 15.
cxb6 axb6 16. Rac1 Ba6 17. Nxd7 Qxd7 18. Rf2 Qa7 19. Qd1 Bd3 20. Qd2 c5 21. b3
cxd4 22. exd4 b5 23. Qe3 Rac8 24. a4 bxa4 25. bxa4 Rc4 26. Rb2 Rfc8 27. Rb3 h6
28. Kf2 Qxd4 29. Qxd4 Rxd4 30. Ra1 Bc2 31. Nb5 Rxa4 32. Rxa4 Bxb3 33. Rb4 Rc2+
34. Ke3 Bc4 35. Nd6 Re2+ 36. Kd4 Rd2+ 37. Ke3 Rd3+ 38. Kf2 e3+ 39. Ke1 Rb3 40.
Rxb3 Bxb3 41. Nb5 Bc4 42. Nd4 Kh7 43. Nxe6 Kg6 44. g4 Kf6 45. f5 g5 46. Nd4 Ke5
47. Nc6+ Ke4 48. f6 d4 49. Nd8 d3 50. f7 d2+ 0-1

[Event "DRUGA LIGA CENTRALNE SRBIJE - Zapad"]
[Site "Vrnjacka banja"]
[Date "2013.??.??"]
[Round "5.5"]
[White "Mircic, Ivan"]
[Black "Markovic, Dragan P"]
[Result "1/2-1/2"]
[WhiteElo "2254"]
[BlackElo "2242"]
[PlyCount "36"]
[EventDate "2013.10.10"]

1. Nf3 d5 2. g3 c6 3. Bg2 Nf6 4. O-O Bg4 5. d4 Nbd7 6. c4 e6 7. Bf4 Be7 8. Qb3
Qb6 9. c5 Qxb3 10. axb3 O-O 11. Nc3 h6 12. b4 a6 13. h3 Bf5 14. g4 Bh7 15. Nd2
Rfc8 16. Nb3 Bd8 17. Na5 Bc7 18. Bd2 Rab8 1/2-1/2

[Event "DRUGA LIGA CENTRALNE SRBIJE - Zapad"]
[Site "Vrnjacka banja"]
[Date "2013.??.??"]
[Round "5.5"]
[White "Milovanovic, Nenad"]
[Black "Rancic, Zoran"]
[Result "0-1"]
[WhiteElo "2182"]
[BlackElo "2196"]
[PlyCount "142"]
[EventDate "2013.10.10"]

1. e4 c5 2. Nf3 d6 3. d3 Nf6 4. g3 Nc6 5. Bg2 e6 6. O-O Be7 7. Nbd2 Qc7 8. Re1
O-O 9. c3 Bd7 10. Nf1 Rac8 11. Bf4 Ne5 12. Rc1 Bb5 13. c4 Bc6 14. b3 Nfd7 15.
h4 Rce8 16. Qe2 Bf6 17. N1h2 Nxf3+ 18. Nxf3 Ne5 19. Bg5 Nxf3+ 20. Bxf3 Bd4 21.
Be3 e5 22. Bg4 Bd7 23. Bxd4 exd4 24. f4 f5 25. Bf3 fxe4 26. Bxe4 g6 27. Qg2 b6
28. Re2 Bg4 29. Rf2 Kg7 30. Rcf1 Qc8 31. Re1 Qe6 32. Kh2 Re7 33. Ref1 Bf5 34.
Re1 Qf6 35. Rfe2 Rfe8 36. Qf3 Bd7 37. Kg1 h5 38. Qg2 Bg4 39. Rf2 Qe6 40. Kh2
Qc8 41. Rd2 Rf7 42. Rf2 Qd8 43. Rd2 Rxf4 44. Kg1 Rf6 45. Rf1 Ref8 46. Rdf2 Qe7
47. Rxf6 Rxf6 48. Qd2 Qe5 49. Rxf6 Qxg3+ 50. Bg2 Kxf6 51. Qg5+ Kf7 52. Qd8 Qe3+
53. Kh2 Qe7 54. Bd5+ Be6 55. Qh8 Qxh4+ 56. Kg1 Qg3+ 57. Kh1 Bxd5+ 58. cxd5 Qf3+
59. Kh2 Qxd5 60. Qh7+ Kf6 61. Qh6 Qe5+ 62. Kh1 Qe1+ 63. Kg2 Qe2+ 64. Kh1 Qxd3
65. Qf8+ Kg5 66. Qe7+ Kf4 67. Qh4+ Ke3 68. Qe1+ Qe2 69. Qg1+ Kd2 70. Qxg6 Qf3+
71. Kh2 Qf4+ 0-1

[Event "DRUGA LIGA CENTRALNE SRBIJE - Zapad"]
[Site "Vrnjacka banja"]
[Date "2013.??.??"]
[Round "5.5"]
[White "Dragojevic, Leon*"]
[Black "Simic, Goran S"]
[Result "0-1"]
[WhiteElo "1923"]
[BlackElo "2106"]
[PlyCount "118"]
[EventDate "2013.10.10"]

1. e4 d6 2. d4 Nf6 3. Nc3 g6 4. Bg5 Bg7 5. Qd2 h6 6. Bh4 O-O 7. O-O-O c6 8. f4
b5 9. e5 b4 10. exf6 bxc3 11. Qxc3 exf6 12. h3 Qb6 13. Bc4 d5 14. Bb3 a5 15. a4
Be6 16. g4 f5 17. Be7 Re8 18. Bc5 Qc7 19. Qg3 Nd7 20. Ba3 Nf6 21. gxf5 Bxf5 22.
Nf3 Nh5 23. Qf2 Qxf4+ 24. Kb1 Re3 25. Rhf1 Rxb3 26. Ka2 Re3 27. Bd6 Rxf3 28.
Bxf4 Rxf2 29. Rxf2 Nxf4 30. Rxf4 Bxh3 31. Rd3 Be6 32. Rc3 Rc8 33. Rc5 g5 34.
Rf1 Ra8 35. Rxc6 Bxd4 36. c3 Bg7 37. Ka3 g4 38. b4 axb4+ 39. Kxb4 Bf8+ 40. Kb3
Bd7 41. Rc7 Bxa4+ 42. Kb2 Be8 43. c4 dxc4 44. Rxc4 Bd7 45. Kc2 Be6 46. Rcf4 Rd8
47. Rh1 Kg7 48. Rg1 h5 49. Rh1 Kg6 50. Ra4 Bh6 51. Ra5 Bg5 52. Re1 Bd2 53.
Rxe6+ fxe6 54. Ra6 Kf5 55. Kd1 Bf4+ 56. Ke2 h4 57. Ra7 Rd2+ 58. Kf1 h3 59. Rh7
h2 0-1

[Event "DRUGA LIGA CENTRALNE SRBIJE - Zapad"]
[Site "Vrnjacka banja"]
[Date "2013.??.??"]
[Round "5.5"]
[White "Trpkovic, Miroljub"]
[Black "Osatovic, Aleksandar*"]
[Result "0-1"]
[WhiteElo "1950"]
[BlackElo "2052"]
[PlyCount "52"]
[EventDate "2013.10.10"]

1. e4 e5 2. Bc4 Nf6 3. d3 Nc6 4. Nf3 h6 5. a3 a6 6. O-O d6 7. h3 Be7 8. Re1 g5
9. Nh2 Rg8 10. g4 h5 11. f3 Nd4 12. c3 Ne6 13. Qb3 b5 14. Bd5 Nxd5 15. exd5 Nf4
16. Bxf4 gxf4 17. Qc2 Bh4 18. Re2 f5 19. Rg2 fxg4 20. fxg4 Bg3 21. Nd2 Qh4 22.
Rf1 Qxh3 23. d4 Bxh2+ 24. Rxh2 Qxg4+ 25. Kh1 Bf5 26. Qc1 e4 0-1

[Event "DRUGA LIGA CENTRALNE SRBIJE - Zapad"]
[Site "Vrnjacka banja"]
[Date "2013.??.??"]
[Round "5.5"]
[White "Zivanovic, Bojan**"]
[Black "Dorontic, Zoran"]
[Result "0-1"]
[WhiteElo "2075"]
[BlackElo "2071"]
[PlyCount "80"]
[EventDate "2013.10.10"]

1. e4 c5 2. Nf3 e6 3. d4 cxd4 4. Nxd4 a6 5. Nc3 Qc7 6. a3 b5 7. g3 Bb7 8. Bg2
Nf6 9. O-O b4 10. axb4 Bxb4 11. Qd3 Bxc3 12. bxc3 d6 13. Rb1 Nbd7 14. Nb3 O-O
15. Ba3 Rfc8 16. Bxd6 Qxc3 17. Nd4 Ra7 18. Rb3 Qa5 19. Rfb1 Ba8 20. Ra3 Qd8 21.
e5 Ne8 22. Rxa6 Rxa6 23. Qxa6 h6 24. Ra1 Nb6 25. Rb1 Nd7 26. Bxa8 Rxa8 27. Qb7
Nxd6 28. Qg2 Nxe5 29. f4 Nec4 30. Nc6 Qe8 31. Re1 Rc8 32. Nd4 Qe7 33. h3 Qa7
34. Qf2 Nf5 35. c3 Rd8 36. Nc6 Qxf2+ 37. Kxf2 Rd2+ 38. Kg1 Nxg3 39. Nd4 Nd6 40.
Nf3 Rc2 0-1

[Event "DRUGA LIGA CENTRALNE SRBIJE - Zapad"]
[Site "Vrnjacka banja"]
[Date "2013.??.??"]
[Round "5.4"]
[White "Milovanovic, Nebojsa"]
[Black "Jovanovic, Obrad"]
[Result "1-0"]
[WhiteElo "2115"]
[BlackElo "2123"]
[PlyCount "66"]
[EventDate "2013.10.10"]

1. Nf3 Nf6 2. d4 g6 3. Bf4 Bg7 4. h3 d6 5. Nc3 O-O 6. e4 c5 7. dxc5 dxc5 8. e5
Nfd7 9. Qe2 Qa5 10. O-O-O Nc6 11. Qe4 Re8 12. Bc4 Nf8 13. Ng5 e6 14. Qf3 Nd4
15. Rxd4 cxd4 16. Nce4 Re7 17. Nf6+ Kh8 18. Qg3 h5 19. Qh4 Rc7 20. g4 Bxf6 21.
exf6 Rxc4 22. Nxf7+ Kg8 23. Ne5 Rc5 24. f7+ Kg7 25. Qg5 Rxe5 26. Bxe5+ Kxf7 27.
Qf6+ Ke8 28. Bd6 Qd8 29. Qxf8+ Kd7 30. Qf4 Kc6 31. Be5 Qd5 32. Rd1 Qxa2 33.
Rxd4 Qa1+ 1-0